Every Country to win an Olympic Medal: Cycling - Statistics

General Stats
  • This quiz has been taken 34 times
    20 since last reset
  • The average score is 81 of 104
Answer Stats
Sport # of Medals Country % Correct
Mountain Biking 1 Belgium
100%
Road Cycling 18 Belgium
100%
Track Cycling 13 Belgium
100%
BMX Freestyle 1 France
100%
BMX Racing 5 France
100%
Mountain Biking 8 France
100%
Road Cycling 20 France
100%
Track Cycling 69 France
100%
Mountain Biking 3 Germany
100%
Road Cycling 10 Germany
100%
Track Cycling 36 Germany
100%
BMX Freestyle 3 Great Britain
100%
BMX Racing 2 Great Britain
100%
Mountain Biking 2 Great Britain
100%
Road Cycling 17 Great Britain
100%
Track Cycling 86 Great Britain
100%
BMX Racing 5 Netherlands
100%
Mountain Biking 2 Netherlands
100%
Road Cycling 19 Netherlands
100%
Track Cycling 42 Netherlands
100%
BMX Freestyle 2 USA
100%
BMX Racing 5 USA
100%
Mountain Biking 3 USA
100%
Road Cycling 15 USA
100%
Track Cycling 41 USA
100%
Mountain Biking 3 Canada
95%
Road Cycling 3 Canada
95%
Track Cycling 10 Canada
95%
BMX Freestyle 1 China
95%
Track Cycling 8 China
95%
Mountain Biking 3 Italy
95%
Road Cycling 21 Italy
95%
Track Cycling 43 Italy
95%
Track Cycling 5 Japan
95%
Mountain Biking 2 Poland
95%
Road Cycling 6 Poland
95%
Track Cycling 4 Poland
95%
Mountain Biking 1 Russia
95%
Road Cycling 8 Russia
95%
Track Cycling 10 Russia
95%
Mountain Biking 4 Spain
95%
Road Cycling 3 Spain
95%
Track Cycling 9 Spain
95%
Track Cycling 4 Ukraine
95%
BMX Freestyle 2 Australia
89%
BMX Racing 2 Australia
89%
Road Cycling 6 Australia
89%
Track Cycling 52 Australia
89%
Track Cycling 2 Mexico
89%
Road Cycling 1 Portugal
89%
Track Cycling 2 Portugal
89%
Mountain Biking 2 Sweden
89%
Road Cycling 16 Sweden
89%
BMX Freestyle 1 Switzerland
89%
BMX Racing 1 Switzerland
89%
Mountain Biking 10 Switzerland
89%
Road Cycling 10 Switzerland
89%
Track Cycling 4 Switzerland
89%
BMX Freestyle 1 Argentina
84%
Track Cycling 1 Argentina
84%
Road Cycling 1 Austria
84%
Track Cycling 3 Austria
84%
Road Cycling 8 Denmark
84%
Track Cycling 22 Denmark
84%
Mountain Biking 1 Norway
84%
Road Cycling 2 Norway
84%
Track Cycling 1 Norway
84%
BMX Racing 6 Colombia
79%
Road Cycling 1 Colombia
79%
Track Cycling 1 Colombia
79%
BMX Racing 1 New Zealand
79%
Track Cycling 9 New Zealand
79%
Mountain Biking 1 South Africa
74%
Road Cycling 2 South Africa
74%
Track Cycling 6 South Africa
74%
Track Cycling 1 Belarus
68%
Road Cycling 1 Ecuador
68%
Road Cycling 1 Greece
68%
Track Cycling 3 Greece
68%
Road Cycling 2 Slovenia
68%
Track Cycling 1 Estonia
63%
Road Cycling 1 Lithuania
63%
Mountain Biking 2 Czech Republic
53%
Road Cycling 2 Kazakhstan
53%
BMX Racing 2 Latvia
53%
Road Cycling 1 Latvia
53%
Road Cycling 8 Soviet Union
53%
Track Cycling 16 Soviet Union
53%
Track Cycling 1 Cuba
42%
BMX Freestyle 1 Venezuela
42%
BMX Racing 1 Venezuela
42%
Road Cycling 3 East Germany
32%
Track Cycling 13 East Germany
32%
Track Cycling 2 Malaysia
32%
Road Cycling 4 West Germany
26%
Track Cycling 10 West Germany
26%
Road Cycling 1 Czechoslovakia
21%
Track Cycling 5 Czechoslovakia
21%
Track Cycling 2 Hong Kong
21%
Track Cycling 1 Jamaica
16%
Track Cycling 1 Uruguay
16%
Track Cycling 2 Russian Olympic Committee
0%
Road Cycling 2 United Team of Germany
0%
Track Cycling 5 United Team of Germany
0%
No matching quizzes found
Score Distribution
Percent of People with Each Score
Percentile by Number Answered
Your Score History
You have not taken this quiz since the last reset